Bekannte Persönlichkeiten aus Tirol - Statistiken

Allgemein
  • Dieses Quiz wurde 94 mal gespielt
  • Das Durchschnittsergebnis liegt bei 5 aus 20
Antwortstatistiken
Geburtsjahr Geburtsort Hinweis Person % Korrekt
1971 St. Johann in Tirol Sänger ("Anton aus Tirol", "Hey Baby", "Ein Stern (… der deinen Namen trägt)") DJ Ötzi
87%
1954 Kitzbühel Schlagersänger und ehemaliger Skirennläufer Hansi Hinterseer
70%
1981 Innsbruck Moderatorin ("Dancing Stars", "Dancing on Ice", "The Dome") und Schauspielerin ("Die Rosenkönigin") Mirjam Weichselbraun
36%
1935 Kitzbühel Skirennläufer, mehrfacher Olympiasieger und Weltmeister, "Schwarzer Blitz aus Kitz" Toni Sailer
36%
1959 Wörgl ehemaliger Autorennfahrer, gewann 10 Formel-1-Rennen und wurde 2x WM-Dritter Gerhard Berger
35%
1959 Gries am Brenner Schauspieler ("Kommissar Rex", "Andreas Hofer – Die Freiheit des Adlers") Tobias Moretti
35%
1978 Leins (Arzl im Pitztal) ehemaliger Skirennläufer, zweimal Olympiasieger, dreimal Weltmeister, einmal Gesamtweltcupsieger, heute TV-Experte Benjamin Raich
34%
1995 Kals am Großglockner Mountainbikefahrer (Downhill-Staatsmeister 2016) und Webvideoproduzent, betreibt einen der erfolgreichsten österreichischen Youtube-Kanäle Fabio Wibmer
27%
1956 Schwaz Fernsehmoderator und Humorist ("Harry's liabste Hütt'n", "Sehr witzig!?") Harry Prünster
23%
1969 Brixlegg ehemaliger Skirennläufer, Olympiasieger, 3x Weltmeister und 2x Gesamtweltcupsieger Stephan Eberharter
21%
1926 Innsbruck Schauspieler ("Raumpatrouille", "Rosenmontag") und Moderator ("Wünsch dir was", "Je später der Abend") Dietmar Schönherr
17%
1948 Achenkirch Dramatiker ("Kein Platz für Idioten", "Kein schöner Land", "In der Löwengrube") Felix Mitterer
14%
1984 Rum Schauspielerin ("Schnell ermittelt", "Wie man leben soll"), erhielt diverse Auszeichnungen für Theaterrollen ("Liebelei", "My Fair Lady") Katharina Straßer
10%
1978 Innsbruck Schlagersängerin ("Inno d’Amore", "Zusammen geh’n", "Liebst du mich") Petra Frey
10%
1924 Innsbruck Alpinist, Erstbesteiger des Nanga Parbat Hermann Buhl
9%
1976 Innsbruck Schauspielerin, Hauptdarstellerin in "SOKO Kitzbühel", 2019 Tirolerin des Jahres Kristina Sprenger
8%
1768 Kufstein Erfinder der Nähmaschine Josef Madersperger
6%
1954 Lienz Radiomoderator (Radio Steiermark, ehemals Ö3) und Musiker (Tom Pettings Hertzattacken) Eberhard Forcher
5%
1818 St. Jakob in Haus Uhrmacher, Erfinder des Viertaktmotors Christian Reithmann
3%
1890 Innsbruck Schriftstellerin von Heimat- und Bauernromanen Fanny Wibmer-Pedit
3%
Keine übereinstimmenden Quizze gefunden
Verteilung der Resultate
Anzahl Personen mit jedem Resultat
Perzentil nach korrekt beantworteten Fragen
Ihre Resultats-Entwicklung
Sie haben dieses Quiz noch nicht gespielt